000 00631nam a2200145Ia 4500
008 151213s9999 xx 000 0 und d
100 _aতুহিন কুস্যার মুখোপাধ্যায় ।
245 _aগালিভের ভ্রমণ্ কথা।
_cতুহিন কুস্যার মুখোপাধ্যায় ।
260 _bফ্রেন্ডন্স বুক কর্ণার
_c1999
300 _a8457 p.
650 _aBangla
650 _aBengali Literature
700 _aতুহিন কুস্যার মুখোপাধ্যায় ।
999 _c4295
_d4295